ბათუმის შოთა რუსთაველის სახელმწიფო უნივერსიტეტის ბიბლიოთეკა

Ритуал и фольклор (ბიბ.ჩანაწერი № 35046)

000 -LEADER
fixed length control field 00551nam a2200229Ia 4500
001 - CONTROL NUMBER
control field 886
003 - CONTROL NUMBER IDENTIFIER
control field GE_BSU
008 - FIXED-LENGTH DATA ELEMENTS--GENERAL INFORMATION
fixed length control field 181216s||||||||xx |||||||||||||| ||und||
020 ## - INTERNATIONAL STANDARD BOOK NUMBER
International Standard Book Number 5020280429
040 ## - CATALOGING SOURCE
Transcribing agency GE_BSU
080 ## - UNIVERSAL DECIMAL CLASSIFICATION NUMBER
Universal Decimal Classification number 398
100 ## - MAIN ENTRY--PERSONAL NAME
Personal name Еремина,В.И.
245 ## - TITLE STATEMENT
Title Ритуал и фольклор
245 ## - TITLE STATEMENT
Statement of responsibility, etc. Отв.ред. А.А.Горелов
260 ## - PUBLICATION, DISTRIBUTION, ETC.
Place of publication, distribution, etc. Ленинград
260 ## - PUBLICATION, DISTRIBUTION, ETC.
Name of publisher, distributor, etc. Наука
260 ## - PUBLICATION, DISTRIBUTION, ETC.
Date of publication, distribution, etc. 1991
300 ## - PHYSICAL DESCRIPTION
Extent 208стр.
653 ## - INDEX TERM--UNCONTROLLED
Uncontrolled term Ритуал и фольклор
942 ## - ADDED ENTRY ELEMENTS (KOHA)
Koha item type წიგნი
ეგზემპლარები
Withdrawn status Lost status Damaged status Not for loan Date acquired Barcode Date last seen Price effective from Koha item type
        2018-12-17 1294 2018-12-17 2018-12-17 წიგნი